000 00625cab a2200217 4500
001 ABS60690
008 090401t1999 xxu||||| |||| 00| 0 eng d
035 _a(Sirsi) u93533
041 _aeng
245 _aPrudential Assurance Co Ltd v Waterloo Real Estate Inc
260 _c1999
350 _a0
490 _aEstates Gazette
_v(9917) 1 May 1999, 131-136(6)
650 _aADVERSE POSSESSION
650 _aBOUNDARY WALLS
650 _aParty walls
_96258
650 _aPRUDENTIAL ASSURANCE COMPANY LTD V WATERLOO REAL ESTATE INC
690 _aPROPERTY LAW AND PRACTICE-CASE LAW
942 _n0
948 _c24/05/1999
999 _c59271
_d59271